00897cam a2200229 a 450000100100000000500170001000800410002702000150006803500190008303500200010204000270012208200180014910000700016724501250023726000380036230000180040049000760041865000210049465000360051570000380055183000780058900001038020200929162227.0931028s1990 sp 001 0 spa d a8476440553 a(DLC) 93224615 a(OCoLC)24140947 aDO-SdBNPcNSbSUdBNPHU a862.64bB465h1 aBenet i Jornet, Josep M.,q(Josep María Benet i Jornet),d1940-10aHistoria del virtuoso caballero Tirant lo Blanc /cJosep M. Benet i Jornet ; traducción de Sergio Mustieles Rebullida. aMadrid :bAntonio Machado,c1990. a135 ;c17 cm.1 aBiblioteca Antonio Machado de teatrov49aTeatro de autores españoles 4aTeatro español 4aLiteratura españolaySIGLO XX1 aMustieles Rebullida, Sergio,etr. 0aBiblioteca Antonio Machado de teatro ;v49pTeatro de autores españoles